LEADER 01129nam a2200241 a 4500 001 991001509259707536 008 035 $ab13383437-39ule_inst 040 $aDip.to di Studi Storici$bita 082 0 $a333.3220945725 245 10$aAbbatia Sanctae Mariae de Ferrara in agro Vairano :$vnotarii Francisci Antonii de Pernutiis platea 1622-23 :$bfondo Gesuitico, manoscritto 1048 alla Biblioteca nazionale centrale di Roma /$cpresentazione del prof.Enrico Cuozzo ; a cura di Domenico Loffreda 260 $aNapoli :$bLoffredo,$c1999 300 $aXIII, 415 p. :$bill. ;$c24 cm 500 $aCon la ripr.anast. 650 4$aAbbazia di Santa Maria de Ferrara$xPatrimonio$ySec. 12.-19. 700 1 $aLoffreda, Domenico 907 $a.b13383437$b21-09-06$c02-03-06 912 $a991001509259707536 945 $aLE023 333.3 LOF 1 1 945 $aLE023 333.3 SPI 1 1$g1$i2023000069479$lle023$o-$pE20.00$q-$rl$s- $t0$u0$v0$w0$x0$y.i1420115x$z06-03-06 996 $aAbbatia Sanctae Mariae de Ferrara in agro Vairano$91090303 997 $aUNISALENTO 998 $ale023$b - - $cm$da $e-$fita$git $h0$i0 LEADER 01703oam 2200529I 450 001 9910795327303321 005 20230120101141.0 010 $a1-68359-548-3 035 $a(OCoLC)1284999327 035 $a(OCoLC)on1284999327 035 $a(MiAaPQ)EBC6788147 035 $a(EXLCZ)9919919729800041 100 $a20211110d2021 uy 0 101 0 $aeng 135 $aurcnu|unuuu|| 181 $ctxt$2rdacontent 182 $cc$2rdamedia 183 $acr$2rdacarrier 200 10$aCommentary on the New Testament from the Talmud and Midrash$hVolume 3 /$fHermann L. Strack & Paul Billerbeck ; Jacob N. Cerone, general editor ; Joseph Longarino, translator ; with an introduction by David Instone-Brewer 210 1$aBellingham, WA :$cLexham Academic,$d2021. 215 $a1 online resource 320 $aIncludes bibliographical references. 606 $aMidrash$xHistory and criticism 606 $aTannaim 606 $aAmoraim 606 $aSaboraim 606 $aRabbinical literature$vBibliography 615 0$aMidrash$xHistory and criticism. 615 0$aTannaim. 615 0$aAmoraim. 615 0$aSaboraim. 615 0$aRabbinical literature 676 $a296.1/2061 700 $aStrack$b Hermann Leberecht$f1848-1922,$0205692 702 $aBillerbeck$b Paul$f1853-1932, 702 $aCerone$b Jacob N$g(Jacob Nathaniel),$f1985- 702 $aLongarino$b Joseph 702 $aInstone-Brewer$b David 801 0$bN$T 801 1$bN$T 801 2$bN$T 801 2$bOCLCF 801 2$bOCLCO 906 $aBOOK 912 $a9910795327303321 996 $aCommentary on the New Testament from the Talmud and Midrash$93857034 997 $aUNINA